[Event "EYTCC-G"]
[Site "?"]
[Date "2017.08.21"]
[Round "5.2"]
[White "Kubicka, Anna"]
[Black "Krasnokutskaya, Sofiya"]
[Result "1-0"]
[BlackElo "2182"]
[WhiteElo "2226"]
[LiveChessVersion "1.4.6"]

1. Nf3 {[%clk 1:30:47]} Nf6 {[%clk 1:30:50]} 2. g3 {[%clk 1:30:58]} b6
{[%clk 1:30:58]} 3. Bg2 {[%clk 1:31:20]} Bb7 {[%clk 1:31:24]} 4. O-O
{[%clk 1:31:39]} e6 {[%clk 1:31:46]} 5. d4 {[%clk 1:31:50]} Be7 {[%clk 1:32:07]}
6. c4 {[%clk 1:32:12]} O-O {[%clk 1:32:30]} 7. Re1 {[%clk 1:32:29]} d5
{[%clk 1:32:44]} 8. cxd5 {[%clk 1:32:33]} exd5 {[%clk 1:33:06]} 9. Nc3
{[%clk 1:32:27]} Na6 {[%clk 1:33:01]} 10. Bf4 {[%clk 1:32:05]} c5
{[%clk 1:33:20]} 11. Rc1 {[%clk 1:32:16]} Ne4 {[%clk 1:32:51]} 12. dxc5
{[%clk 1:32:05]} Naxc5 {[%clk 1:32:12]} 13. e3 {[%clk 1:31:19]} Bf6
{[%clk 1:30:11]} 14. Be5 {[%clk 1:14:39]} Re8 {[%clk 1:09:14]} 15. Bd4
{[%clk 1:07:00]} Rc8 {[%clk 1:08:29]} 16. Bh3 {[%clk 1:04:34]} Rc6
{[%clk 1:01:03]} 17. b4 {[%clk 0:58:48]} Nxc3 {[%clk 0:58:25]} 18. Rxc3
{[%clk 0:57:49]} Ne4 {[%clk 0:57:42]} 19. Rxc6 {[%clk 0:56:43]} Bxc6
{[%clk 0:58:10]} 20. Qc2 {[%clk 0:54:10]} Bb5 {[%clk 0:55:52]} 21. Qb2
{[%clk 0:46:06]} Bc4 {[%clk 0:50:23]} 22. a3 {[%clk 0:39:30]} b5 {[%clk 0:42:47]}
23. Bxf6 {[%clk 0:33:30]} Nxf6 {[%clk 0:41:39]} 24. Qd4 {[%clk 0:31:24]} a5
{[%clk 0:34:00]} 25. Qc5 {[%clk 0:20:32]} Ne4 {[%clk 0:28:48]} 26. Qc6
{[%clk 0:20:06]} Qa8 {[%clk 0:22:39]} 27. Bd7 {[%clk 0:14:01]} Qxc6
{[%clk 0:19:33]} 28. Bxc6 {[%clk 0:14:27]} Rc8 {[%clk 0:19:59]} 29. Nd4
{[%clk 0:14:17]} axb4 {[%clk 0:19:25]} 30. axb4 {[%clk 0:14:45]} Nc3
{[%clk 0:19:02]} 31. Kg2 {[%clk 0:11:51]} Kf8 {[%clk 0:18:04]} 32. Ra1
{[%clk 0:10:34]} Na2 {[%clk 0:10:52]} 33. Bxb5 {[%clk 0:08:13]} Nxb4
{[%clk 0:10:51]} 34. Bd7 {[%clk 0:07:07]} Rd8 {[%clk 0:09:52]} 35. Ra4
{[%clk 0:05:22]} Rxd7 {[%clk 0:09:32]} 36. Rxb4 {[%clk 0:05:51]} g6
{[%clk 0:08:37]} 37. Kf3 {[%clk 0:05:44]} Kg7 {[%clk 0:08:28]} 38. Nc6
{[%clk 0:04:08]} Rc7 {[%clk 0:03:39]} 39. Rb6 {[%clk 0:02:40]} f6
{[%clk 0:01:21]} 40. h4 {[%clk 0:32:20]} Rd7 {[%clk 0:31:06]} 41. g4
{[%clk 0:29:40]} Rf7 {[%clk 0:22:35]} 42. Nd8 {[%clk 0:27:24]} Re7
{[%clk 0:21:50]} 43. g5 {[%clk 0:26:55]} fxg5 {[%clk 0:22:14]} 44. hxg5
{[%clk 0:26:23]} Bd3 {[%clk 0:20:23]} 45. Ne6+ {[%clk 0:17:36]} Kf7
{[%clk 0:20:00]} 46. Nd4 {[%clk 0:17:45]} Kg7 {[%clk 0:13:08]} 47. Rf6
{[%clk 0:16:16]} h6 {[%clk 0:11:20]} 48. Ne6+ {[%clk 0:14:07]} Kh7
{[%clk 0:11:47]} 49. gxh6 {[%clk 0:08:52]} Kxh6 {[%clk 0:12:09]} 50. Kf4
{[%clk 0:09:16]} Bf5 {[%clk 0:11:11]} 51. Ke5 {[%clk 0:08:08]} Bxe6
{[%clk 0:07:34]} 52. Rxe6 {[%clk 0:08:32]} Rd7 {[%clk 0:07:47]} 53. Rd6
{[%clk 0:07:22]} Rf7 {[%clk 0:08:09]} 54. f4 {[%clk 0:06:48]} Kg7
{[%clk 0:07:23]} 55. Kxd5 {[%clk 0:03:32]} Re7 {[%clk 0:07:24]} 56. Kd4
{[%clk 0:01:51]} Kf7 {[%clk 0:06:46]} 57. e4 {[%clk 0:01:50]} Ra7
{[%clk 0:07:01]} 58. e5 {[%clk 0:01:38]} Ra4+ {[%clk 0:07:10]} 59. Ke3
{[%clk 0:01:30]} Rb4 {[%clk 0:05:00]} 60. Rd7+ {[%clk 0:01:06]} Kf8
{[%clk 0:04:07]} 61. Kf3 {[%clk 0:01:27]} Rb1 {[%clk 0:03:51]} 62. Ra7
{[%clk 0:01:40]} Kg8 {[%clk 0:03:52]} 63. Rc7 {[%clk 0:01:50]} Kf8
{[%clk 0:04:14]} 64. Rd7 {[%clk 0:02:17]} Ra1 {[%clk 0:04:31]} 65. Ke4
{[%clk 0:02:15]} Ra4+ {[%clk 0:04:43]} 66. Rd4 {[%clk 0:02:31]} Ra5
{[%clk 0:04:51]} 67. Rd6 {[%clk 0:01:45]} Kf7 {[%clk 0:05:11]} 68. Rd7+
{[%clk 0:02:07]} Kf8 {[%clk 0:05:31]} 69. e6 {[%clk 0:02:25]} Rb5
{[%clk 0:01:25]} 70. Rd5 {[%clk 0:02:49]} Rb4+ {[%clk 0:01:46]} 71. Ke5
{[%clk 0:03:13]} Ke7 {[%clk 0:02:11]} 72. Rd7+ {[%clk 0:03:38]} Ke8
{[%clk 0:02:25]} 73. Rd4 {[%clk 0:03:32]} Rb1 {[%clk 0:01:53]} 74. Kf6
{[%clk 0:03:48]} Rb6 {[%clk 0:01:46]} 75. Ra4 {[%clk 0:04:01]} Rb8
{[%clk 0:02:02]} 76. Ra7 {[%clk 0:04:07]} Kf8 {[%clk 0:02:02]} 77. Kxg6
{[%clk 0:04:32]} Rb6 {[%clk 0:01:28]} 78. f5 {[%clk 0:04:51]} 1-0

[Event "EYTCC-G"]
[Site "?"]
[Date "2017.08.21"]
[Round "5.3"]
[White "Narva, Mai"]
[Black "Unuk, Laura"]
[Result "1/2-1/2"]
[BlackElo "2343"]
[WhiteElo "2210"]
[LiveChessVersion "1.4.6"]

1. e4 {[%clk 1:30:56]} e6 {[%clk 1:30:47]} 2. d4 {[%clk 1:31:16]} d5
{[%clk 1:31:09]} 3. e5 {[%clk 1:31:33]} c5 {[%clk 1:31:30]} 4. c3
{[%clk 1:31:56]} Nc6 {[%clk 1:31:52]} 5. Nf3 {[%clk 1:32:16]} Qb6
{[%clk 1:32:12]} 6. a3 {[%clk 1:32:33]} Nh6 {[%clk 1:32:31]} 7. b4
{[%clk 1:32:52]} cxd4 {[%clk 1:32:51]} 8. cxd4 {[%clk 1:33:13]} Nf5
{[%clk 1:33:11]} 9. Be3 {[%clk 1:33:28]} f6 {[%clk 1:33:20]} 10. exf6
{[%clk 1:33:43]} gxf6 {[%clk 1:33:45]} 11. Nc3 {[%clk 1:33:57]} Nxe3
{[%clk 1:31:27]} 12. fxe3 {[%clk 1:34:19]} Bh6 {[%clk 1:31:42]} 13. Qd2
{[%clk 1:34:27]} O-O {[%clk 1:31:20]} 14. Bd3 {[%clk 1:34:29]} Qc7
{[%clk 1:31:44]} 15. O-O {[%clk 1:32:46]} Qg7 {[%clk 1:32:06]} 16. Qf2
{[%clk 1:21:41]} Bd7 {[%clk 1:29:34]} 17. e4 {[%clk 1:11:30]} Rac8
{[%clk 1:26:35]} 18. Ne2 {[%clk 1:06:26]} Ne7 {[%clk 1:14:34]} 19. Kh1
{[%clk 0:56:41]} Kh8 {[%clk 1:10:40]} 20. Ng3 {[%clk 0:53:57]} Rc3
{[%clk 1:02:05]} 21. Qe2 {[%clk 0:43:22]} Qg6 {[%clk 0:53:40]} 22. Rfd1
{[%clk 0:28:30]} Qe8 {[%clk 0:41:13]} 23. Qe1 {[%clk 0:19:34]} Qc8
{[%clk 0:36:36]} 24. exd5 {[%clk 0:13:47]} Nxd5 {[%clk 0:35:04]} 25. Ne4
{[%clk 0:13:38]} Rxd3 {[%clk 0:30:13]} 26. Rxd3 {[%clk 0:13:53]} Qc2
{[%clk 0:30:38]} 27. Qd1 {[%clk 0:09:26]} Ba4 {[%clk 0:30:53]} 28. Nc5
{[%clk 0:00:40]} Qxd1+ {[%clk 0:30:54]} 29. Rdxd1 {[%clk 0:01:00]} Bxd1
{[%clk 0:31:19]} 30. Rxd1 {[%clk 0:01:25]} b6 {[%clk 0:31:44]} 31. Ne4
{[%clk 0:01:05]} Kg7 {[%clk 0:30:15]} 32. g3 {[%clk 0:00:47]} Rc8
{[%clk 0:29:42]} 33. Rd3 {[%clk 0:00:49]} Rc2 {[%clk 0:27:03]} 34. Kg1
{[%clk 0:00:38]} Be3+ {[%clk 0:26:35]} 35. Kf1 {[%clk 0:00:37]} Bc1
{[%clk 0:25:17]} 36. Ned2 {[%clk 0:00:35]} Rc3 {[%clk 0:20:12]} 37. Rxc3
{[%clk 0:00:35]} Nxc3 {[%clk 0:20:38]} 38. Nc4 {[%clk 0:00:35]} b5
{[%clk 0:20:55]} 39. Na5 {[%clk 0:00:45]} Bxa3 {[%clk 0:21:10]} 40. Nc6
{[%clk 0:31:03]} a6 {[%clk 0:51:03]} 41. Ne1 {[%clk 0:28:12]} Kg6
{[%clk 0:46:17]} 42. Nc2 {[%clk 0:22:32]} Bc1 {[%clk 0:44:20]} 43. Nb8
{[%clk 0:21:14]} Kf5 {[%clk 0:43:06]} 44. Nxa6 {[%clk 0:20:17]} Ke4
{[%clk 0:43:09]} 45. Nc5+ {[%clk 0:19:23]} Kd5 {[%clk 0:43:31]} 46. Kf2
{[%clk 0:13:29]} Bd2 {[%clk 0:40:47]} 47. g4 {[%clk 0:03:42]} e5 {[%clk 0:30:47]}
48. dxe5 {[%clk 0:03:54]} fxe5 {[%clk 0:31:07]} 49. Ne3+ {[%clk 0:01:32]} Kc6
{[%clk 0:29:55]} 50. Nf1 {[%clk 0:00:52]} Bg5 {[%clk 0:28:03]} 51. Ng3
{[%clk 0:00:39]} Na2 {[%clk 0:27:56]} 52. Nd3 {[%clk 0:00:37]} Kd5
{[%clk 0:28:00]} 53. Kf3 {[%clk 0:00:40]} Be7 {[%clk 0:27:06]} 54. Ne4
{[%clk 0:00:52]} Kd4 {[%clk 0:26:38]} 55. Ndc5 {[%clk 0:00:39]} Nxb4
{[%clk 0:26:33]} 56. Nb3+ {[%clk 0:00:41]} Kc4 {[%clk 0:26:38]} 57. Nbd2+
{[%clk 0:00:49]} Kd3 {[%clk 0:27:01]} 58. Nf1 {[%clk 0:00:36]} Nc2
{[%clk 0:27:02]} 59. Nf2+ {[%clk 0:00:47]} Kd4 {[%clk 0:26:43]} 60. Nd2
{[%clk 0:00:40]} b4 {[%clk 0:26:38]} 61. Ke2 {[%clk 0:00:52]} Kd5
{[%clk 0:24:22]} 62. Kd3 {[%clk 0:00:36]} Ne1+ {[%clk 0:24:18]} 63. Ke2
{[%clk 0:00:53]} Ng2 {[%clk 0:24:45]} 64. Kd3 {[%clk 0:00:35]} Nf4+
{[%clk 0:24:47]} 65. Kc2 {[%clk 0:00:52]} Kd4 {[%clk 0:24:51]} 66. Nfe4
{[%clk 0:00:46]} Nd5 {[%clk 0:24:12]} 67. g5 {[%clk 0:00:46]} Ne3+
{[%clk 0:24:29]} 68. Kb3 {[%clk 0:00:58]} Nf1 {[%clk 0:24:46]} 69. h4
{[%clk 0:00:40]} Nxd2+ {[%clk 0:24:55]} 70. Nxd2 {[%clk 0:01:05]} Ke3
{[%clk 0:23:02]} 71. Kc2 {[%clk 0:00:43]} Kf4 {[%clk 0:22:27]} 72. Kd3
{[%clk 0:00:48]} Kg4 {[%clk 0:20:59]} 73. Nc4 {[%clk 0:00:45]} Kxh4
{[%clk 0:21:12]} 74. Nxe5 {[%clk 0:01:03]} Kxg5 {[%clk 0:21:38]} 75. Nc6
{[%clk 0:01:05]} b3 {[%clk 0:16:47]} 76. Nxe7 {[%clk 0:01:26]} b2
{[%clk 0:17:11]} 77. Kc2 {[%clk 0:01:51]} h5 {[%clk 0:17:39]} 78. Nd5
{[%clk 0:01:14]} h4 {[%clk 0:18:00]} 79. Ne3 {[%clk 0:00:59]} h3 {[%clk 0:17:58]}
80. Nf1 {[%clk 0:01:14]} Kf4 {[%clk 0:18:23]} 81. Kxb2 {[%clk 0:01:11]} Kf3
{[%clk 0:18:47]} 82. Kc2 {[%clk 0:01:09]} Kf2 {[%clk 0:18:37]} 83. Nh2
{[%clk 0:01:30]} Kg2 {[%clk 0:19:02]} 84. Ng4 {[%clk 0:01:54]} Kg3
{[%clk 0:19:26]} 85. Ne3 {[%clk 0:02:11]} h2 {[%clk 0:19:30]} 86. Nf1+
{[%clk 0:02:35]} Kg2 {[%clk 0:19:58]} 87. Nxh2 {[%clk 0:02:57]} Kxh2
{[%clk 0:20:24]} 1/2-1/2

[Event "EYTCC-G"]
[Site "?"]
[Date "2017.08.21"]
[Round "5.4"]
[White "Hrescak, Ivana"]
[Black "Olde, Margareth"]
[Result "1-0"]
[BlackElo "2122"]
[WhiteElo "2022"]
[LiveChessVersion "1.4.6"]

1. Nf3 {[%clk 1:30:56]} f5 {[%clk 1:30:52]} 2. g3 {[%clk 1:30:48]} Nf6
{[%clk 1:31:09]} 3. Bg2 {[%clk 1:31:03]} g6 {[%clk 1:31:19]} 4. c4
{[%clk 1:29:28]} Bg7 {[%clk 1:31:37]} 5. Nc3 {[%clk 1:28:48]} O-O
{[%clk 1:31:31]} 6. O-O {[%clk 1:28:29]} d6 {[%clk 1:31:54]} 7. d4
{[%clk 1:28:39]} c6 {[%clk 1:32:09]} 8. Qc2 {[%clk 1:24:32]} Qe8 {[%clk 1:27:49]}
9. d5 {[%clk 1:22:20]} e5 {[%clk 1:25:10]} 10. Rd1 {[%clk 1:17:59]} Qe7
{[%clk 1:18:14]} 11. a3 {[%clk 1:13:39]} cxd5 {[%clk 1:13:43]} 12. cxd5
{[%clk 1:09:58]} Na6 {[%clk 1:11:32]} 13. b4 {[%clk 1:08:17]} Bd7
{[%clk 1:09:57]} 14. Qb3 {[%clk 1:05:19]} h6 {[%clk 1:07:06]} 15. a4
{[%clk 1:02:28]} Be8 {[%clk 1:01:08]} 16. Ba3 {[%clk 0:59:07]} Rc8
{[%clk 1:00:00]} 17. Rac1 {[%clk 0:56:43]} Bf7 {[%clk 0:57:31]} 18. Nd2
{[%clk 0:53:10]} e4 {[%clk 0:52:42]} 19. Nc4 {[%clk 0:48:45]} Rfd8
{[%clk 0:50:07]} 20. Ne3 {[%clk 0:44:09]} Nb8 {[%clk 0:36:13]} 21. Nb5
{[%clk 0:38:45]} a6 {[%clk 0:35:58]} 22. Nd4 {[%clk 0:36:57]} Nc6
{[%clk 0:28:28]} 23. Ne6 {[%clk 0:29:49]} Bxe6 {[%clk 0:28:44]} 24. dxe6
{[%clk 0:30:16]} Kh7 {[%clk 0:25:34]} 25. b5 {[%clk 0:24:32]} axb5
{[%clk 0:25:55]} 26. axb5 {[%clk 0:24:49]} Na5 {[%clk 0:24:36]} 27. Qb4
{[%clk 0:23:31]} Rxc1 {[%clk 0:24:26]} 28. Rxc1 {[%clk 0:23:26]} b6
{[%clk 0:24:50]} 29. Rd1 {[%clk 0:22:18]} Bf8 {[%clk 0:16:21]} 30. Qd4
{[%clk 0:21:11]} Qxe6 {[%clk 0:11:35]} 31. Qxb6 {[%clk 0:21:27]} Ra8
{[%clk 0:11:46]} 32. Bb4 {[%clk 0:12:32]} Qa2 {[%clk 0:11:39]} 33. Bxd6
{[%clk 0:10:21]} Bg7 {[%clk 0:10:11]} 34. Bf1 {[%clk 0:06:43]} Nb3
{[%clk 0:08:00]} 35. Be5 {[%clk 0:05:26]} Rf8 {[%clk 0:06:29]} 36. Qc7
{[%clk 0:03:58]} Nd2 {[%clk 0:03:22]} 37. Bh3 {[%clk 0:02:46]} Kg8
{[%clk 0:01:21]} 38. b6 {[%clk 0:01:35]} Ne8 {[%clk 0:00:43]} 39. Qc3
{[%clk 0:01:22]} Nb1 1-0

[Event "EYTCC-G"]
[Site "?"]
[Date "2017.08.21"]
[Round "5.5"]
[White "Pychova, Nela"]
[Black "Rozman, Monika"]
[Result "0-1"]
[BlackElo "2082"]
[WhiteElo "2201"]
[LiveChessVersion "1.4.6"]

1. c4 {[%clk 1:30:57]} Nf6 {[%clk 1:30:55]} 2. Nc3 {[%clk 1:31:17]} g6
{[%clk 1:31:20]} 3. Nf3 {[%clk 1:31:31]} d5 {[%clk 1:30:59]} 4. cxd5
{[%clk 1:31:29]} Nxd5 {[%clk 1:31:12]} 5. Qa4+ {[%clk 1:31:36]} c6
{[%clk 1:30:21]} 6. Qd4 {[%clk 1:17:36]} Nf6 {[%clk 1:27:34]} 7. Qxd8+
{[%clk 1:15:04]} Kxd8 {[%clk 1:27:58]} 8. g3 {[%clk 1:14:14]} Bg7
{[%clk 1:23:51]} 9. Bg2 {[%clk 1:10:26]} Nbd7 {[%clk 1:23:24]} 10. O-O
{[%clk 1:09:45]} Nb6 {[%clk 1:17:42]} 11. d3 {[%clk 1:05:28]} Ke8
{[%clk 1:11:55]} 12. Bd2 {[%clk 1:04:52]} Nfd5 {[%clk 1:10:16]} 13. Rab1
{[%clk 1:00:32]} Bd7 {[%clk 1:05:07]} 14. Rfc1 {[%clk 1:00:25]} Rd8
{[%clk 1:03:24]} 15. Ne4 {[%clk 0:59:36]} h6 {[%clk 0:57:45]} 16. Nc5
{[%clk 0:58:20]} Bc8 {[%clk 0:58:04]} 17. Ba5 {[%clk 0:53:14]} Kf8
{[%clk 0:53:21]} 18. Nd2 {[%clk 0:52:00]} Nc7 {[%clk 0:48:07]} 19. a4
{[%clk 0:41:04]} Kg8 {[%clk 0:45:03]} 20. Bc3 {[%clk 0:32:00]} Kh7
{[%clk 0:41:33]} 21. Bxg7 {[%clk 0:31:53]} Kxg7 {[%clk 0:41:53]} 22. b4
{[%clk 0:32:11]} Nbd5 {[%clk 0:36:17]} 23. Nc4 {[%clk 0:25:35]} Ne6
{[%clk 0:31:16]} 24. Nxe6+ {[%clk 0:21:07]} Bxe6 {[%clk 0:30:54]} 25. b5
{[%clk 0:19:34]} cxb5 {[%clk 0:26:14]} 26. Rxb5 {[%clk 0:19:10]} b6
{[%clk 0:25:50]} 27. Ne5 {[%clk 0:17:05]} Nf6 {[%clk 0:23:15]} 28. Nc6
{[%clk 0:05:11]} Rc8 {[%clk 0:23:29]} 29. a5 {[%clk 0:04:51]} Nd7
{[%clk 0:21:11]} 30. Rbb1 {[%clk 0:03:00]} bxa5 {[%clk 0:20:09]} 31. Nxa5
{[%clk 0:02:09]} Rxc1+ {[%clk 0:18:21]} 32. Rxc1 {[%clk 0:02:37]} Rb8
{[%clk 0:18:35]} 33. Nc6 {[%clk 0:01:43]} Rb2 {[%clk 0:18:07]} 34. e3
{[%clk 0:00:38]} Ra2 {[%clk 0:18:09]} 35. d4 {[%clk 0:00:41]} Nf6
{[%clk 0:16:06]} 36. h3 {[%clk 0:00:40]} a5 {[%clk 0:14:16]} 37. Nxe7
{[%clk 0:00:42]} a4 {[%clk 0:14:17]} 38. d5 {[%clk 0:00:42]} Bd7 {[%clk 0:14:09]}
39. Bf1 {[%clk 0:00:39]} Rd2 {[%clk 0:10:35]} 40. Bc4 {[%clk 0:30:41]} Bxh3
{[%clk 0:38:38]} 41. Kh2 {[%clk 0:10:34]} Bd7 {[%clk 0:35:15]} 42. Rf1
{[%clk 0:10:41]} Ne4 {[%clk 0:28:25]} 43. Kg2 {[%clk 0:10:30]} Ng5
{[%clk 0:28:34]} 44. g4 {[%clk 0:06:56]} Bxg4 {[%clk 0:27:46]} 45. Kg3
{[%clk 0:07:14]} Bd7 {[%clk 0:26:20]} 46. f3 {[%clk 0:07:15]} Nh7
{[%clk 0:25:52]} 47. Rf2 {[%clk 0:05:36]} Rd1 {[%clk 0:19:53]} 48. Nc6
{[%clk 0:04:27]} Nf6 {[%clk 0:18:51]} 49. e4 {[%clk 0:03:21]} Rc1
{[%clk 0:08:26]} 50. Ne5 {[%clk 0:01:32]} g5 {[%clk 0:08:45]} 51. Ra2
{[%clk 0:00:40]} Rc3 {[%clk 0:08:19]} 52. Bd3 {[%clk 0:00:50]} a3
{[%clk 0:08:16]} 53. Kf2 {[%clk 0:00:55]} Rb3 {[%clk 0:06:36]} 54. Ke3
{[%clk 0:00:55]} g4 {[%clk 0:03:55]} 55. fxg4 {[%clk 0:00:37]} Nxg4+
{[%clk 0:03:13]} 56. Nxg4 {[%clk 0:01:01]} Bxg4 {[%clk 0:03:39]} 57. Kd4
{[%clk 0:00:56]} Rb4+ {[%clk 0:03:19]} 58. Kc3 {[%clk 0:01:00]} Ra4
{[%clk 0:03:42]} 59. Kb3 {[%clk 0:00:35]} Bd1+ {[%clk 0:03:38]} 60. Kc3
{[%clk 0:00:46]} Kf6 {[%clk 0:03:32]} 61. Bc4 {[%clk 0:00:40]} Ke5
{[%clk 0:03:32]} 62. Rd2 {[%clk 0:00:44]} Bg4 {[%clk 0:02:25]} 63. d6
{[%clk 0:00:49]} Ra7 {[%clk 0:01:27]} 64. Rh2 {[%clk 0:00:39]} h5
{[%clk 0:01:47]} 65. Rf2 {[%clk 0:00:39]} Be6 {[%clk 0:01:10]} 66. Ba2
{[%clk 0:00:36]} Bxa2 {[%clk 0:01:09]} 67. Rxa2 {[%clk 0:01:03]} Kxd6
{[%clk 0:01:35]} 68. Kd4 {[%clk 0:01:02]} Ra4+ {[%clk 0:02:00]} 69. Ke3
{[%clk 0:00:49]} Ke5 {[%clk 0:02:04]} 0-1

[Event "EYTCC-G"]
[Site "?"]
[Date "2017.08.21"]
[Round "5.6"]
[White "Urh, Zala"]
[Black "Kanakova, Natalie"]
[Result "0-1"]
[BlackElo "2176"]
[WhiteElo "2100"]
[LiveChessVersion "1.4.6"]

1. d4 {[%clk 1:30:55]} Nf6 {[%clk 1:30:55]} 2. c4 {[%clk 1:31:15]} e6
{[%clk 1:31:19]} 3. Nc3 {[%clk 1:31:29]} Bb4 {[%clk 1:31:39]} 4. Nf3
{[%clk 1:30:59]} c5 {[%clk 1:31:12]} 5. g3 {[%clk 1:30:13]} Nc6 {[%clk 1:30:28]}
6. a3 {[%clk 1:19:48]} Bxc3+ {[%clk 1:29:43]} 7. bxc3 {[%clk 1:20:12]} O-O
{[%clk 1:25:37]} 8. Bg2 {[%clk 1:20:04]} Na5 {[%clk 1:20:34]} 9. Nd2
{[%clk 1:16:27]} Qc7 {[%clk 1:14:36]} 10. Qc2 {[%clk 1:05:31]} Rb8
{[%clk 1:02:41]} 11. Bb2 {[%clk 1:02:00]} b6 {[%clk 1:00:03]} 12. Rc1
{[%clk 0:57:03]} Ba6 {[%clk 0:59:39]} 13. Qa4 {[%clk 0:57:01]} Rfc8
{[%clk 0:55:51]} 14. O-O {[%clk 0:54:36]} cxd4 {[%clk 0:47:30]} 15. cxd4
{[%clk 0:54:53]} Bxc4 {[%clk 0:47:10]} 16. Nxc4 {[%clk 0:46:20]} Nxc4
{[%clk 0:47:35]} 17. Bc3 {[%clk 0:44:17]} b5 {[%clk 0:44:02]} 18. Qb3
{[%clk 0:44:21]} d5 {[%clk 0:43:31]} 19. Rfd1 {[%clk 0:42:38]} a5
{[%clk 0:41:41]} 20. Be1 {[%clk 0:38:33]} Qb7 {[%clk 0:33:49]} 21. Rb1
{[%clk 0:31:50]} Ne8 {[%clk 0:30:36]} 22. Rdc1 {[%clk 0:28:52]} Ned6
{[%clk 0:29:53]} 23. Qd3 {[%clk 0:28:51]} Qa7 {[%clk 0:29:31]} 24. f3
{[%clk 0:24:46]} Ne5 {[%clk 0:19:25]} 25. Rxc8+ {[%clk 0:20:44]} Rxc8
{[%clk 0:18:26]} 26. Qd1 {[%clk 0:20:49]} Nc6 {[%clk 0:16:22]} 27. Bf2
{[%clk 0:16:23]} b4 {[%clk 0:15:40]} 28. axb4 {[%clk 0:13:39]} axb4
{[%clk 0:16:05]} 29. Qd3 {[%clk 0:14:00]} Ra8 {[%clk 0:13:44]} 30. e3
{[%clk 0:11:21]} Qa2 {[%clk 0:13:40]} 31. Be1 {[%clk 0:10:33]} Ra3
{[%clk 0:12:44]} 32. Qd1 {[%clk 0:10:54]} Nc4 {[%clk 0:11:06]} 33. Qc1
{[%clk 0:09:04]} b3 {[%clk 0:05:20]} 34. Bf1 {[%clk 0:07:55]} b2 {[%clk 0:04:41]}
35. Qc2 {[%clk 0:07:59]} Qxb1 {[%clk 0:02:51]} 36. Qxb1 {[%clk 0:07:18]} Ra1
{[%clk 0:03:17]} 37. Bd3 {[%clk 0:07:13]} Rxb1 {[%clk 0:03:42]} 38. Bxb1
{[%clk 0:07:37]} Na3 {[%clk 0:03:52]} 0-1

[Event "EYTCC-G"]
[Site "?"]
[Date "2017.08.21"]
[Round "5.7"]
[White "Gundogan, Sinem Cagla"]
[Black "Injac, Teodora"]
[Result "0-1"]
[BlackElo "2279"]
[WhiteElo "2067"]
[LiveChessVersion "1.4.6"]

1. e4 {[%clk 1:30:58]} e6 {[%clk 1:30:53]} 2. d4 {[%clk 1:31:24]} d5
{[%clk 1:31:17]} 3. e5 {[%clk 1:31:51]} c5 {[%clk 1:31:38]} 4. c3
{[%clk 1:32:18]} Qb6 {[%clk 1:31:48]} 5. Nf3 {[%clk 1:31:28]} Nc6
{[%clk 1:32:12]} 6. a3 {[%clk 1:31:53]} Nh6 {[%clk 1:32:32]} 7. Bd3
{[%clk 1:32:11]} cxd4 {[%clk 1:17:40]} 8. cxd4 {[%clk 1:32:24]} Nf5
{[%clk 1:17:32]} 9. Bxf5 {[%clk 1:32:11]} exf5 {[%clk 1:17:58]} 10. Nc3
{[%clk 1:32:32]} Be6 {[%clk 1:18:24]} 11. O-O {[%clk 1:30:36]} Rc8
{[%clk 1:15:40]} 12. Na4 {[%clk 1:27:32]} Qd8 {[%clk 1:15:13]} 13. b4
{[%clk 1:25:31]} b6 {[%clk 1:14:46]} 14. Bb2 {[%clk 1:20:39]} Be7
{[%clk 1:14:29]} 15. Rc1 {[%clk 1:19:00]} O-O {[%clk 1:14:15]} 16. Qd3
{[%clk 1:17:22]} Qd7 {[%clk 1:13:36]} 17. Nc3 {[%clk 1:17:34]} f4
{[%clk 1:04:19]} 18. h4 {[%clk 0:57:34]} h6 {[%clk 0:53:23]} 19. h5
{[%clk 0:53:19]} Bf5 {[%clk 0:48:55]} 20. Qd2 {[%clk 0:53:43]} Bg4
{[%clk 0:47:59]} 21. Qxf4 {[%clk 0:50:43]} Bxh5 {[%clk 0:46:27]} 22. Ne2
{[%clk 0:44:47]} Nd8 {[%clk 0:42:15]} 23. Rxc8 {[%clk 0:37:38]} Qxc8
{[%clk 0:42:43]} 24. Ng3 {[%clk 0:31:30]} Ne6 {[%clk 0:39:49]} 25. Qe3
{[%clk 0:25:27]} Bg6 {[%clk 0:38:51]} 26. Rc1 {[%clk 0:23:43]} Qd7
{[%clk 0:30:41]} 27. Qc3 {[%clk 0:23:42]} h5 {[%clk 0:23:17]} 28. Ne2
{[%clk 0:15:43]} Qb5 {[%clk 0:19:53]} 29. Qe3 {[%clk 0:13:39]} Qd3
{[%clk 0:17:11]} 30. Nf4 {[%clk 0:12:09]} Nxf4 {[%clk 0:11:28]} 31. Qxf4
{[%clk 0:12:35]} a5 {[%clk 0:11:22]} 32. bxa5 {[%clk 0:04:05]} bxa5
{[%clk 0:11:20]} 33. Rc7 {[%clk 0:02:47]} Bd8 {[%clk 0:05:43]} 34. Rd7
{[%clk 0:01:28]} Qb5 {[%clk 0:02:40]} 35. e6 {[%clk 0:01:53]} Qxb2
{[%clk 0:02:18]} 36. Qd6 {[%clk 0:01:04]} Qb6 {[%clk 0:01:17]} 37. Qxb6
{[%clk 0:00:47]} Bxb6 {[%clk 0:01:45]} 38. e7 {[%clk 0:00:41]} Re8
{[%clk 0:01:42]} 39. Rb7 {[%clk 0:01:04]} f6 {[%clk 0:00:58]} 40. Rxb6
{[%clk 0:31:27]} Bd3 {[%clk 0:30:38]} 41. Rd6 {[%clk 0:29:25]} Bc4
{[%clk 0:27:51]} 42. Nd2 {[%clk 0:24:21]} Ba2 {[%clk 0:17:07]} 43. Ra6
{[%clk 0:24:19]} Rxe7 {[%clk 0:17:31]} 44. Rxa5 {[%clk 0:24:43]} Re1+
{[%clk 0:17:58]} 45. Kh2 {[%clk 0:24:29]} Re2 {[%clk 0:18:22]} 46. Nf3
{[%clk 0:24:18]} Rxf2 {[%clk 0:18:48]} 47. Kg3 {[%clk 0:22:23]} Re2
{[%clk 0:16:49]} 48. Rc5 {[%clk 0:18:16]} Bc4 {[%clk 0:16:28]} 49. a4
{[%clk 0:18:05]} Ra2 {[%clk 0:16:45]} 50. a5 {[%clk 0:18:30]} g5 {[%clk 0:16:39]}
51. Rc6 {[%clk 0:12:28]} Kg7 {[%clk 0:16:53]} 52. Re6 {[%clk 0:11:34]} Rxa5
{[%clk 0:16:36]} 53. Re3 {[%clk 0:10:08]} Ra2 {[%clk 0:16:47]} 54. Re1
{[%clk 0:09:07]} Kg6 {[%clk 0:16:33]} 55. Re3 {[%clk 0:07:42]} Bf1
{[%clk 0:15:08]} 56. Ne1 {[%clk 0:08:06]} Re2 {[%clk 0:15:15]} 57. Rxe2
{[%clk 0:06:23]} Bxe2 {[%clk 0:15:42]} 0-1